000 00335 a2200133 4500
005 20250629115308.0
020 _a978-0-07-162125-0
082 _a658.8 THE
245 _aThe Big Book of Marketing
260 _aNew York,
_bMcGraw Hill,
_c2010
300 _axv,452p.; ill.; picture
_bIndex
_c23cm
700 _aBENNET, A.
942 _2ddc
_cBKS
999 _c6301
_d6301